书目信息 |
| 题名: |
研究生英语综合能力提升课程
|
|
| 作者: | 斯坦利 著 | |
| 分册: | ||
| 出版信息: | 杭州 浙江大学出版社 2010.11 |
|
| 页数: | 220页 | |
| 开本: | 26cm | |
| 丛书名: | ||
| 单 册: | ||
| 中图分类: | H31 | |
| 科图分类: | ||
| 主题词: | 英语--ying yu--研究生--教学参考资料 | |
| 电子资源: | ||
| ISBN: | 978-7-308-08111-5 | |
| 000 | 01159nam0 2200265 450 | |
| 001 | 012011789297 | |
| 005 | 20110802160656.26 | |
| 010 | @a978-7-308-08111-5@dCNY39.50 (含光盘) | |
| 010 | @a978-7-89490-701-1@b光盘 | |
| 100 | @a20110110d2010 em y0chiy0120 ea | |
| 101 | 0 | @achi@aeng |
| 102 | @aCN@b330000 | |
| 105 | @aa z 000yy | |
| 106 | @ar | |
| 200 | 1 | @a研究生英语综合能力提升课程@Ayan jiu sheng ying yu zong he neng li ti sheng ke cheng@d= A comprehensive postgraduate English curriculum@ethirty-two weekly lessons for developing life skills in American English@fRobert L.Stanelle著@FRobert L.Stanelle zhu@zeng |
| 210 | @a杭州@c浙江大学出版社@d2010.11 | |
| 215 | @a220页@c图@d26cm@e光盘1片 | |
| 314 | @a责任者Stanelle规范汉译姓 : 斯坦利 | |
| 330 | @a本书是针对研究生英语综合能力提升的课程,并附有光盘。 | |
| 510 | 1 | @aComprehensive postgraduate English curriculum@ethirty-two weekly lessons for developing life skills in American English@zeng |
| 606 | 0 | @a英语@Aying yu@x研究生@j教学参考资料 |
| 690 | @aH31@v4 | |
| 701 | 1 | @a斯坦利@Asi tan li@g(Stanelle, Robert L.)@4著 |
| 801 | 0 | @aCN@bQSSK@c20110802 |
| 905 | @b794241-43@dH31@eS709@f3 | |
| 研究生英语综合能力提升课程= A comprehensive postgraduate English curriculum:thirty-two weekly lessons for developing life skills in American English/Robert L.Stanelle著.-杭州:浙江大学出版社,2010.11 |
| 220页:图;26cm+光盘1片 |
| ISBN 978-7-308-08111-5:CNY39.50 (含光盘) |
| 本书是针对研究生英语综合能力提升的课程,并附有光盘。 |
| ● |
| 相关链接 |
|
|
|
正题名:研究生英语综合能力提升课程
索取号:H31/S709
 
预约/预借
| 序号 | 登录号 | 条形码 | 馆藏地/架位号 | 状态 | 备注 |
| 1 | 794241 | 207942413 | 语言库209/209语言库 86排1列5层/ [索取号:H31/S709] | 在馆 | |
| 2 | 794242 | 207942422 | 语言库209/209语言库 86排1列5层/ [索取号:H31/S709] | 在馆 | |
| 3 | 794243 | 207942431 | 语言库209/209语言库 86排1列5层/ [索取号:H31/S709] | 在馆 |